Music Quiz

Random Music or Song Quiz

Big 4 Teams in Song Lyrics Quiz Stats

 Plays Quiz Updated Apr 11, 2016

Challenge
Share
Tweet
Embed
Score 0/30 Timer 09:00
1 Play Today
% Correct
Blues
97.1%
Ducks
96.1%
Jets
92.2%
Kings
91.4%
Heat
84%
Thunder
81.4%
Wild
80.6%
Bucks
79.4%
Bills
78.8%
Jaguars
78.8%
Magic
78.7%
Stars
76.8%
Devils
76.6%
Pistons
75.9%
Eagles
72.8%
% Correct
Saints
72.5%
Twins
71.2%
Lightning
69.7%
Tigers
68.7%
Mariners
68.1%
Pirates
67.8%
Angels
67.2%
Lions
65.7%
Rockies
65%
Senators
63.5%
Cowboys
62.3%
Dolphins
62%
Flames
56%
Rockets
53.6%
Reds
37.6%

You're not logged in!

Compare scores with friends on all Sporcle quizzes.
OR
Log In

You Might Also Like...

Show Comments

Extras

Top Quizzes Today


Score Distribution

Your Account Isn't Verified!

In order to create a playlist on Sporcle, you need to verify the email address you used during registration. Go to your Sporcle Settings to finish the process.

Report this User

Report this user for behavior that violates our Community Guidelines.

Details: